000 00421nam a2200181Ia 4500
999 _c24174
_d24174
003 OSt
005 20210821161156.0
008 160316s1993 xxu||||| |||| 00| 0 eng
040 _cn
082 _a332.600000
_bPLU
100 _aPlummer Tony
245 _aThe psychology of technical analysis
260 _aNew Delhi
_bVision Books
_c1993
300 _a302p
365 _bRs. 395
700 _a
_a
942 _2ddc
_cBK